书目信息 |
| 题名: |
肉类食品安全知识问答
|
|
| 作者: | 朱世龙 主编 ;中国肉类食品综合研究中心 编 | |
| 分册: | ||
| 出版信息: | 北京 中国纺织出版社 2008 |
|
| 页数: | 112页 | |
| 开本: | 22cm | |
| 丛书名: | ||
| 单 册: | ||
| 中图分类: | R155.5 , TS251.5 | |
| 科图分类: | ||
| 主题词: | 肉类--食品卫生--基本知识 , 肉类--食品加工--基本知识 , 肉类 , 食品卫生 , 食品加工 | |
| 电子资源: | ||
| ISBN: | 978-7-5064-4955-7 | |
| 000 | 01151nam0 2200313 450 | |
| 001 | 012015000610 | |
| 005 | 20150914160306.29 | |
| 010 | @a978-7-5064-4955-7@dCNY28.00 | |
| 100 | @a20080807d2008 em y0chiy50 ea | |
| 101 | 0 | @achi |
| 102 | @aCN@b110000 | |
| 105 | @aa z 000yy | |
| 106 | @ar | |
| 200 | 1 | @a肉类食品安全知识问答@Arou lei shi pin an quan zhi shi wen da@dQ & A: the safety of meat products@f朱世龙主编@g中国肉类食品综合研究中心编@zeng |
| 210 | @a北京@c中国纺织出版社@d2008 | |
| 215 | @a112页@c彩图@d22cm | |
| 330 | @a本书以问答的形式,汇集了关系到老百姓日常生活的有关肉、肉制品安全的相关知识,介绍了对肉类食品加工的科学方法,解答了肉食品营养健康等方面的诸多问题。 | |
| 510 | 1 | @aQ & A: the safety of meat products@zeng |
| 606 | 0 | @a肉类@x食品卫生@x基本知识 |
| 606 | 0 | @a肉类@x食品加工@x基本知识 |
| 606 | 0 | @a肉类 |
| 606 | 0 | @a食品卫生 |
| 606 | 0 | @a食品加工 |
| 690 | @aR155.5@v5 | |
| 690 | @aTS251.5@v5 | |
| 701 | 0 | @a朱世龙@Azhu shi long@4主编 |
| 712 | 02 | @a中国肉类食品综合研究中心@Azhong guo rou lei shi pin zong he yan jiu zhong xin@4编 |
| 801 | 0 | @aCN@b碧洲教育@c20150718 |
| 905 | @a10447@f4@dR155.5@e113 | |
| 肉类食品安全知识问答=Q & A: the safety of meat products/朱世龙主编/中国肉类食品综合研究中心编.-北京:中国纺织出版社,2008 |
| 112页:彩图;22cm |
| ISBN 978-7-5064-4955-7:CNY28.00 |
| 本书以问答的形式,汇集了关系到老百姓日常生活的有关肉、肉制品安全的相关知识,介绍了对肉类食品加工的科学方法,解答了肉食品营养健康等方面的诸多问题。 |
| ● |
| 相关链接 |
|
|
|
|
正题名:肉类食品安全知识问答
索取号:R155.5/113
 
预约/预借
| 序号 | 登录号 | 条形码 | 馆藏地/架位号 | 状态 | 备注 |
| 1 | 0848719 | 208487190 | 第二样本阅览室/ [索取号:R155.5/113] | 在馆 | |
| 2 | 0848720 | 208487207 | 第三借阅区/ [索取号:R155.5/113] | 在馆 | |
| 3 | 0848721 | 208487216 | 第三借阅区/ [索取号:R155.5/113] | 在馆 | |
| 4 | 0848722 | 208487225 | 第三借阅区/ [索取号:R155.5/113] | 在馆 |